000 00602nam a2200217 a 4500
001 79938
003 BD-RjUL
005 20220607160050.0
008 220607s2016 |||||||| |||| 00| 0 eng d
020 _a9788175248045
035 _a(BD-RjUL)79938
040 _aBD-RjUL
_beng
_cBD-RjUL
041 _aeng
082 _223
_a613.704607
_bCHY 2016
100 _aChavan, Uday
_93502
245 1 0 _aYoga education /
_cUday Chavan
260 _aNew Delhi :
_bKhel Sahitya Kendra,
_c2016
300 _a248 pages :
_billustrations ;
_c 23 cm.
650 _aYoga
_xStudy and teaching
_93503
942 _2ddc
_cBK
999 _c79938
_d79938